[Event "Ruhrgebiet VK1 0405"]
[Site "Ruhrgebiet"]
[Date "2005.01.09"]
[Round "5.1"]
[White "Born, Bernd Ludger"]
[Black "Stefaniak, Christian"]
[Result "1-0"]
[WhiteElo "1954"]
[BlackElo "1884"]
[PlyCount "117"]
[EventDate "2004.09.12"]
[EventType "team"]
[EventRounds "9"]
[EventCountry "GER"]
[SourceTitle "EXT 2006"]
[Source "ChessBase"]
[SourceDate "2005.11.24"]
[SourceVersion "1"]
[SourceVersionDate "2005.11.24"]
[SourceQuality "1"]
[WhiteTeam "Essen Werden"]
[BlackTeam "Gelsenkirchen II"]
[WhiteTeamCountry "GER"]
[BlackTeamCountry "GER"]

1. d4 e6 2. c4 Nf6 3. Nc3 Bb4 4. Qc2 b6 5. Bg5 Bb7 6. a3 Bxc3+ 7. Qxc3 d6 8. f3 Nbd7 9. e3 0-0 10. Bd3 Re8 11. Qc2 h6 12. Bh4 e5 13. 0-0-0 Qe7 14. Bf5 Nf8 15. d5 Bc8 16. Ne2 Bxf5 17. Qxf5 N8h7 18. Nc3 Qd7 19. Qxd7 Nxd7 20. e4 Nhf8 21. Bf2 Ng6 22. Kd2 Rf8 23. Rc1 Ne7 24. g4 Ng6 25. Rc2 Nc5 26. Ne2 a5 27. Rd1 Ne7 28. Nc1 g6 29. Bh4 f6 30. Ke3 Kh7 31. Nd3 Nb3 32. Rc3 Nc5 33. b4 Nxd3 34. Kxd3 axb4 35. axb4 Ra4 36. Rb3 g5 37. Be1 Ng6 38. Bg3 Rfa8 39. Rc1 R8a7 40. c5 bxc5 41. bxc5 Rd4+ 42. Kc3 dxc5 43. Kb2 c4 44. Rbc3 Ra4 45. R1c2 Nf4 46. Bxf4 gxf4 47. Ra3 Rxa3 48. Kxa3 Rd3+ 49. Kb4 Rb3+ 50. Kc5 Rb7 51. Kc6 Ra7 52. Rxc4 Kg7 53. Kd7 c5+ 54. Ke6 Ra6+ 55. d6 Kf8 56. Rxc5 Ra8 57. Kxf6 Ke8 58. Kxe5 Kd7 59. Rc7+ 1-0

[Event "Ruhrgebiet VK1 0405"]
[Site "Ruhrgebiet"]
[Date "2004.11.07"]
[Round "3.1"]
[White "Horn, Stefan"]
[Black "Stefaniak, Christian"]
[Result "1/2-1/2"]
[WhiteElo "2020"]
[BlackElo "1884"]
[PlyCount "52"]
[EventDate "2004.09.12"]
[EventType "team"]
[EventRounds "9"]
[EventCountry "GER"]
[SourceTitle "EXT 2006"]
[Source "ChessBase"]
[SourceDate "2005.11.24"]
[SourceVersion "1"]
[SourceVersionDate "2005.11.24"]
[SourceQuality "1"]
[WhiteTeam "Oberhausen II"]
[BlackTeam "Gelsenkirchen II"]
[WhiteTeamCountry "GER"]
[BlackTeamCountry "GER"]

1. e4 e6 2. d3 c5 3. Nd2 Nc6 4. g3 d6 5. Bg2 g6 6. Ngf3 Bg7 7. 0-0 Nge7 8. Re1 Bd7 9. Nf1 0-0 10. h4 f5 11. exf5 exf5 12. Ng5 h6 13. Ne6 Bxe6 14. Rxe6 Qd7 15. Re1 Kh7 16. c3 d5 17. Bf4 Ng8 18. Nh2 Nf6 19. Nf3 Rfe8 20. Qb3 Nh5 21. Bd2 Rf8 22. Bh3 Rae8 23. Rxe8 Rxe8 24. Re1 Rxe1+ 25. Bxe1 b6 26. Bd2 Qe6 1/2-1/2

[Event "Ruhrgebiet VK1 0405"]
[Site "Ruhrgebiet"]
[Date "2004.10.10"]
[Round "2.1"]
[White "Stefaniak, Christian"]
[Black "Beckmann, Klaus2222"]
[Result "0-1"]
[WhiteElo "1884"]
[BlackElo "2138"]
[PlyCount "88"]
[EventDate "2004.09.12"]
[EventType "team"]
[EventRounds "9"]
[EventCountry "GER"]
[SourceTitle "EXT 2006"]
[Source "ChessBase"]
[SourceDate "2005.11.24"]
[SourceVersion "1"]
[SourceVersionDate "2005.11.24"]
[SourceQuality "1"]
[WhiteTeam "Gelsenkirchen II"]
[BlackTeam "Recklinghausen Sued"]
[WhiteTeamCountry "GER"]
[BlackTeamCountry "GER"]

1. e4 c6 2. d4 d5 3. exd5 cxd5 4. Bd3 Nc6 5. c3 g6 6. Bf4 Nh6 7. Nf3 Bf5 8. 0-0 Bxd3 9. Qxd3 Bg7 10. Nbd2 0-0 11. Rfe1 Nf5 12. Ne5 Nxe5 13. dxe5 e6 14. Nf3 Qb6 15. Qd2 Rac8 16. g4 Ne7 17. Bh6 Rc4 18. h3 Nc6 19. Bxg7 Kxg7 20. Re2 Qd8 21. Rd1 f5 22. g5 Qa5 23. a3 Qa4 24. Rb1 Qb3 25. Kg2 Qb5 26. Rbe1 Rc8 27. Kg3 Rd8 28. Nd4 Nxd4 29. cxd4 Rdc8 30. Qe3 Rc2 31. Rxc2 Rxc2 32. Rb1 Qc4 33. Kg2 b5 34. h4 a5 35. h5 gxh5 36. g6 hxg6 37. Qg5 Qe2 38. Qf6+ Kh6 39. Rf1 Qg4+ 40. Kh1 Qh3+ 41. Kg1 h4 42. Qh8+ Kg5 43. Qh7 Kf4 44. Qh6+ g5 0-1

[Event "Ruhrgebiet VL1 0304"]
[Site "Ruhrgebiet"]
[Date "2004.08.02"]
[Round "6.4"]
[White "Stefaniak, Christian"]
[Black "Linde, Wolfgang"]
[Result "1-0"]
[WhiteElo "1874"]
[BlackElo "2024"]
[PlyCount "71"]
[EventDate "2003.09.28"]
[EventType "team"]
[EventRounds "9"]
[EventCountry "GER"]
[SourceTitle "EXT 2007"]
[Source "ChessBase"]
[SourceDate "2006.11.23"]
[SourceVersion "1"]
[SourceVersionDate "2006.11.23"]
[SourceQuality "1"]
[WhiteTeam "Gelsenkirchen II"]
[BlackTeam "Welper SV"]
[WhiteTeamCountry "GER"]
[BlackTeamCountry "GER"]

1. e4 c6 2. d4 d5 3. exd5 cxd5 4. Bd3 Nc6 5. c3 Qc7 6. Ne2 Bg4 7. f3 Bd7 8. Bf4 e5 9. dxe5 Nxe5 10. Bxe5 Qxe5 11. Qd2 Bd6 12. f4 Qf6 13. Qe3+ Ne7 14. 0-0 0-0 15. Qd4 Qh6 16. Nd2 Rfe8 17. Rae1 Bc7 18. Qf2 d4 19. Nxd4 Nd5 20. g3 Nf6 21. Rxe8+ Rxe8 22. Re1 Rd8 23. N2f3 Ng4 24. Qe2 Bb6 25. Be4 Bc6 26. Bxc6 Qxc6 27. Ne5 Nxe5 28. Qxe5 f6 29. Qe4 Qxe4 30. Rxe4 Kf7 31. g4 f5 32. gxf5 Bxd4+ 33. Rxd4 Rxd4 34. cxd4 Kf6 35. Kf2 Kxf5 36. Ke3 1-0

[Event "Ruhrgebiet VL1 0304"]
[Site "Ruhrgebiet"]
[Date "2004.04.25"]
[Round "9.2"]
[White "Wagner, Norbert"]
[Black "Stefaniak, Christian"]
[Result "1/2-1/2"]
[WhiteElo "2047"]
[BlackElo "1874"]
[PlyCount "82"]
[EventDate "2003.09.28"]
[EventType "team"]
[EventRounds "9"]
[EventCountry "GER"]
[SourceTitle "EXT 2007"]
[Source "ChessBase"]
[SourceDate "2006.11.23"]
[SourceVersion "1"]
[SourceVersionDate "2006.11.23"]
[SourceQuality "1"]
[WhiteTeam "Brambauer"]
[BlackTeam "Gelsenkirchen II"]
[WhiteTeamCountry "GER"]
[BlackTeamCountry "GER"]

1. Nf3 Nf6 2. d4 e6 3. c3 c5 4. Bf4 Nc6 5. e3 Qb6 6. Qb3 Qxb3 7. axb3 cxd4 8. exd4 d5 9. b4 Nd7 10. Na3 Be7 11. Nb5 Bd8 12. Nd6+ Ke7 13. b5 Na5 14. b4 Nc4 15. Bxc4 dxc4 16. Nxc8+ Rxc8 17. Rxa7 Bc7 18. Bxc7 Rxc7 19. Kd2 f6 20. Kc2 Nb6 21. Nd2 f5 22. Nf3 Kf6 23. Re1 Rd8 24. Re5 Rd5 25. Ra1 Rcd7 26. Rae1 R7d6 27. g4 g6 28. h4 Nd7 29. gxf5 gxf5 30. Rxd5 Rxd5 31. Nd2 Nb6 32. f4 Rxb5 33. Rg1 Rd5 34. Rg8 Rd7 35. h5 Kf7 36. Rg5 Rc7 37. h6 Kf8 38. Rh5 Nd5 39. Rh4 Ne3+ 40. Kb2 Ng2 41. Rh1 Nxf4 1/2-1/2

[Event "Ruhrgebiet VL1 0304"]
[Site "Ruhrgebiet"]
[Date "2003.09.28"]
[Round "1.4"]
[White "Stefaniak, Christian"]
[Black "Bee, Marcus"]
[Result "1/2-1/2"]
[WhiteElo "1874"]
[BlackElo "2164"]
[PlyCount "40"]
[EventDate "2003.09.28"]
[EventType "team"]
[EventRounds "9"]
[EventCountry "GER"]
[SourceTitle "EXT 2007"]
[Source "ChessBase"]
[SourceDate "2006.11.23"]
[SourceVersion "1"]
[SourceVersionDate "2006.11.23"]
[SourceQuality "1"]
[WhiteTeam "Gelsenkirchen II"]
[BlackTeam "Holsterhausen"]
[WhiteTeamCountry "GER"]
[BlackTeamCountry "GER"]

1. e4 e6 2. d4 d5 3. exd5 exd5 4. Nf3 Nc6 5. Bf4 Bd6 6. Bxd6 Qxd6 7. Bd3 Nge7 8. 0-0 0-0 9. c3 Bf5 10. Bxf5 Nxf5 11. Qd3 Nfe7 12. Re1 Ng6 13. Nbd2 Rfe8 14. Rxe8+ Rxe8 15. Re1 Rxe1+ 16. Nxe1 f6 17. Qe3 Kf7 18. Nd3 b6 19. Nf1 Nce7 20. Ng3 Qe6 1/2-1/2